Prejudice : its social psychology /
This book is about: The Nature of Prejudice; Prejudiced Individuals; Social categorization and Prejudice...
محفوظ في:
| المؤلف الرئيسي: | |
|---|---|
| التنسيق: | كتاب |
| اللغة: | English |
| منشور في: |
Oxford, UK :
Blackwell,
1995.
|
| الموضوعات: | |
| الوسوم: |
إضافة وسم
لا توجد وسوم, كن أول من يضع وسما على هذه التسجيلة!
|
| Thư viện lưu trữ: | Mạng thư viện Đại học Đà Nẵng |
|---|
| LEADER | 01053cam a2200385 i 4500 | ||
|---|---|---|---|
| 001 | 000047582 | ||
| 003 | 7272 | ||
| 005 | 20030312163118.0 | ||
| 008 | 010323|1995 vm 000 eng | ||
| 020 | |a 0631183159 | ||
| 040 | |a IRC |c IRC |d IRC | ||
| 041 | 0 | |a eng | |
| 082 | 1 | 4 | |a 303.385 |b BR-R |
| 100 | 1 | |a Brown, Rupert. | |
| 245 | 0 | 0 | |a Prejudice : |b its social psychology / |c Rupert Brown. |
| 260 | |a Oxford, UK : |b Blackwell, |c 1995. | ||
| 300 | |a 319 p. ; |c 23cm. | ||
| 520 | 3 | |a This book is about: The Nature of Prejudice; Prejudiced Individuals; Social categorization and Prejudice... | |
| 630 | 0 | 4 | |a Psychology. |
| 630 | 0 | 4 | |a Prejudice. |
| 630 | 0 | 4 | |a Stereotype. |
| 650 | 0 | 4 | |a Prejudices. |
| 650 | 0 | 4 | |a Prejudices in children. |
| 650 | 0 | 4 | |a Stereotype (Psychology) |
| 650 | 0 | 4 | |a Social psychology. |
| OWN | |a DUT | ||
| 999 | |a From the UDN01 | ||
| TYP | |a Monograph | ||
| TYP | |a Printed language | ||
| 980 | |a Mạng thư viện Đại học Đà Nẵng | ||


